000 00301nam a2200157Ia 4500
100 _a-
650 _aHandbook
942 _cBK
366 _f20
245 _aMicroprocessor data handbook
260 _bBPB
_c2003
082 _a4.16
_bMIC
300 _a844
546 _aENGLISH
_cTTL
999 _c30708
_d30708